Statistics for Countries with more than one time zone

Click here to take the quiz!

General Stats

  • This quiz has been taken 40 times
  • The average score is 14 of 21

Answer Stats

Country% Correct
Russia
100%
United States of America
100%
Australia
97%
Brazil
97%
Canada
97%
France
92%
Indonesia
84%
Mexico
84%
Kazakhstan
82%
Mongolia
79%
Spain
74%
Micronesia
63%
New Zealand
63%
Kiribati
55%
Chile
53%
Netherlands
53%
Portugal
53%
Papua New Guinea
50%
Ecuador
39%
Democratic Republic of Congo
3%
Denmark(Greenland)
0%

Score Distribution

Percentile by Number Answered

Percent of People with Each Score

Your Score History

You have not taken this quiz